Dutch nouns with a longer vowel in the plural - Statistics

General Stats
  • This quiz has been taken 14 times
  • The average score is 11 of 39
Answer Stats
Hint Answer % Correct
Bath Bad
89%
City Stad
67%
Way Weg
67%
Leaf Blad
56%
Sheet, magazine Blad
56%
Day Dag
56%
Glass Glas
56%
God God
56%
War Oorlog
44%
Wheel Rad
44%
Ship Schip
44%
Roof Dak
33%
Gene Gen
33%
Member Lid
33%
Lottery ticket Lot
33%
Path Pad
33%
Offer (Aan)bod
22%
Hole Gat
22%
Prayer Gebed
22%
Shot Schot
22%
Lock Slot
22%
Ban, prohibition Verbod
22%
Financial contribution Bedrag
11%
Command Bevel
11%
Valley Dal
11%
Commandment Gebod
11%
Deficiency, Lack Gebrek
11%
Row, battle line, rank Gelid
11%
-hood, -dom -heid
11%
Duke Hertog
11%
Court Hof
11%
Cave, burrow Hol
11%
Strike, battle Slag
11%
Smith Smit
11%
Large game, spectacle Spel
11%
Staff Staf
11%
Vat, barrel Vat
11%
Treaty Verdrag
11%
Permission Verlof
11%
No matching quizzes found
Score Distribution
Percent of People with Each Score
Percentile by Number Answered
Your Score History
You have not taken this quiz